=LDR 00000nam 2200000 4500 =001 INLIS000000000008766 =005 20130612100608 =008 ***********************************Ind** =035 ##$$0010-061300000008766 =041 ##$$a Ind =082 ##$$a 373.238 076 =090 ##$$a 373.238 076, Per p =245 ##$$a Persiapan Menghadapi Ujian Akhir Nasional SMU-IPS 2003 =260 ##$$a 2002 $b Bandung =300 ##$$a 468 hlm, 30 cm =650 ##$$a Ujian,Akhir dsb;